Estructura

I tiakina i:
Ngā taipitopito rārangi puna kōrero
Ngā kaituhi matua: Moffatt, William G. (autor), Pearsall, George W (Author), Wulff, John (Author)
Hōputu: Pukapuka
Reo:Pāniora
I whakaputaina: Ciudad de México Limusa-Wesley 1968
Rangatū:Colección: Introducción a la Ciencia de Materiales, 1
Ngā marau:
Ngā Tūtohu: Tāpirihia he Tūtohu
Kāore He Tūtohu, Me noho koe te mea tuatahi ki te tūtohu i tēnei pūkete!

MARC

LEADER 00000nam a2200000 a 4500
001 UCP0857
003 CL-VaPUC
008 990319e19680000MX |||||||||||||||||spa|d
082 0 4 |a 620.11  |b MOF  |2 21 
100 |a Moffatt, William G.  |e autor  |9 426465 
700 0 |a Pearsall, George W  |e author  |9 426460 
700 0 |a Wulff, John  |e author  |9 426461 
245 1 0 |a Estructura 
300 |a 244 p 
942 |c BK 
945 |d 19990319 00:00:00  |a lriquelm 
260 |a Ciudad de México  |b Limusa-Wesley  |c 1968 
650 7 |a CONSTITUCION DE LA MATERIA  |2 CL-VaPUC  |9 266499 
650 0 |a Materiales  |9 260800 
650 7 |a ELECTRONES  |2 CL-VaPUC  |9 322158 
650 7 |a ESTRUCTURAS CRISTALINAS  |2 CL-VaPUC  |9 426462 
650 7 |a ESTRUCTURA ELECTRONICA  |2 CL-VaPUC  |9 426463 
650 0 |a Sólidos  |9 260188 
583 |a last modification  |c 19990319 00:00:00  |k Rodrigo Vera 
490 0 |a Colección: Introducción a la Ciencia de Materiales, 1 
999 |c 279596  |d 279594